Struny času
Gespeichert in:
| 1. Verfasser: | |
|---|---|
| Weitere Verfasser: | |
| Format: | Buch |
| Sprache: | Slowakisch |
| Veröffentlicht: |
Bratislava
SLOVART
2018
|
| Ausgabe: | 2. slovenské vydanie |
| Schlagworte: | |
| Tags: |
Keine Tags, Fügen Sie das erste Tag hinzu!
|
MARC
| LEADER | 00000nam a2200000 4500 | ||
|---|---|---|---|
| 001 | 0248986 | ||
| 005 | 20240502074000.1 | ||
| 020 | |a 978-80-556-3002-1 | ||
| 041 | 0 | |a slo | |
| 044 | |a SK | ||
| 245 | 1 | 0 | |a Struny času |c Madeleine L'Engle ; preložila: Helena Šajgalíková |
| 250 | |a 2. slovenské vydanie | ||
| 264 | 1 | |a Bratislava |b SLOVART |c 2018 | |
| 300 | |a [222 s.] [7,50 AH] | ||
| 610 | 2 | 0 | |a jazykoveda |
| 610 | 2 | 0 | |a terminológia |
| 610 | 2 | 0 | |a literatúra |
| 100 | 1 | |a L'Engle, Madeleine | |
| 700 | 1 | |a Šajgalíková, Helena | |